000 00985nam0a22002291i 4500
001 rc\414932
005 20240723234511.0
035 _a(NLR Aleph) 005662699
090 _a6890061
_c6890061
100 _a20030616d1987 u |0rusy50 ca
101 0 _arus
102 _aRU
105 _aa |||||||||
200 1 _aРасчет и оптимизация параметров дегазации подрабатываемых сближенных пластов
_e(На прим. шахт Зап. Донбасса)
_eАвтореф. дис. на соиск. учен. степ. канд. техн. наук
_e(05.26.01)
_fДнепропетр. горн. ин-т им. Артема
210 _aДнепропетровск
_d1987
215 _a16 c.
_cграф.
320 _aБиблиогр.: с. 15-16 (13 назв.)
700 1 _aБалашов
_bС.В.
_gСергей Васильевич
801 0 _aRU
_bNLR
_gpsbo
801 1 _aRU
_bELAR
_2rusmarc
852 _aNLR
_jА87/15192
942 _cBOOK